|
|
|
|
| LEADER |
00000nam0a2200000 4500 |
| 001 |
260200 |
| 005 |
20231101233445.0 |
| 010 |
|
|
|b 5250 экз.
|
| 035 |
|
|
|a (RuTPU)RU\TPU\book\283148
|
| 035 |
|
|
|a RU\TPU\book\273206
|
| 090 |
|
|
|a 260200
|
| 100 |
|
|
|a 20140514d1936 k y0rusy50 ca
|
| 101 |
1 |
|
|a rus
|c lat
|
| 102 |
|
|
|a RU
|
| 105 |
|
|
|a a z 001zy
|
| 200 |
1 |
|
|a Четыре книги об архитектуре Андреа Палладио в коих, после краткого трактата и пяти ордерах и наставлений наиболее необходимых для строительства трактуется о частных домах, дорогах, мостах, площадях, ксистах и храмах
|f А. Палладио
|g в переводе акад. архитектуры И. В. Жолтовского ; русские титулы, инициалы и заставки работы худ. И. Ф. Рорберга
|
| 210 |
|
|
|a Москва
|c Изд-во Всесоюзной академии архитектуры
|d MCMXXXVI [1936]
|
| 215 |
|
|
|a 78, 81, 48, 135, 6 с.
|c черт.
|
| 300 |
|
|
|a Первый полный русский перевод трактата Палладио "Четыре книги об архитектуре", в нем воспроизведено типографское оформление первого венецианского издания 1570 г. Обрезные гравюры репродуцированы с экземпляра, принадлежащего И. В. Желтовскому, с сохранением пометок и приписок, которые, судя по почерку, принадлежат самому Палладио.
|
| 320 |
|
|
|a Примечания: с. 1-6.
|
| 600 |
|
1 |
|a Палладио
|b А.
|c итальянский архитектор
|f 1508-1580
|g Андреа
|c настоящая фамилия ди Пьетро
|2 stltpush
|3 (RuTPU)RU\TPU\pers\14162
|
| 610 |
1 |
|
|a архитектура
|
| 610 |
1 |
|
|a Италия
|
| 610 |
1 |
|
|a 16 век
|
| 610 |
1 |
|
|a архитектурные фрагменты
|
| 610 |
1 |
|
|a ордера
|
| 610 |
1 |
|
|a здания
|
| 610 |
1 |
|
|a книжные памятники
|
| 610 |
1 |
|
|a история
|
| 675 |
|
|
|a 72(09)
|v 3
|
| 700 |
|
1 |
|a Палладио
|b А.
|c итальянский архитектор
|c настоящая фамилия ди Пьетро
|f 1508-1580
|g Андреа
|2 stltpush
|3 (RuTPU)RU\TPU\pers\14162
|9 4630
|
| 702 |
|
1 |
|a Жолтовский
|b И. В.
|c российский архитектор
|f 1867-1959
|g Иван Владиславович
|2 stltpush
|3 (RuTPU)RU\TPU\pers\12288
|4 730
|
| 702 |
|
1 |
|a Рорберг
|b И. Ф.
|4 040
|
| 801 |
|
1 |
|a RU
|b 63413507
|c 20140218
|
| 801 |
|
2 |
|a RU
|b 63413507
|c 20170411
|g RCR
|
| 942 |
|
|
|c BK
|